Modern-Day Central Powers-Occupied Countries of WWI on a Map - Statistics

General Stats
  • This quiz has been taken 7,691 times
  • The average score is 72 of 77
Answers on the Map
Answers color-coded by a green-red scale on the quiz's map according to % correct below.
 
Answer Stats
Countries % Correct
Egypt
98%
CT Finland
98%
France
98%
CL Germany
98%
CT Poland
98%
Russia
98%
Saudi Arabia
98%
CL Turkey
98%
CT Ukraine
98%
CL* Austria
97%
CT Belarus
97%
Belgium
97%
CL Bulgaria
97%
Czech Republic
97%
Estonia
97%
CL* Hungary
97%
Iran
97%
Iraq
97%
Israel
97%
Jordan
97%
Latvia
97%
Libya
97%
CT Lithuania
97%
Romania
97%
Slovakia
97%
Syria
97%
Yemen
97%
Albania
96%
Armenia
96%
Bosnia and Herzegovina
96%
Chad
96%
Croatia
96%
Denmark
96%
Ethiopia
96%
CT Georgia
96%
Greece
96%
Italy
96%
Kosovo
96%
Lebanon
96%
Montenegro
96%
North Macedonia
96%
Serbia
96%
Slovenia
96%
Somalia
96%
CT Azerbaijan
95%
Niger
95%
Papua New Guinea
95%
Luxembourg
94%
Namibia
94%
Sudan
94%
Tanzania
94%
Angola
93%
Cameroon
93%
Nigeria
93%
Republic of the Congo
93%
Togo
93%
Tunisia
93%
Central African Republic
92%
Rwanda
92%
South Africa
92%
Algeria
91%
Ghana
91%
Morocco
91%
China
90%
Burundi
89%
F. S. Micronesia
89%
Gabon
89%
Mali
89%
Marshall Islands
86%
Palau
86%
Burkina Faso
84%
Nauru
84%
Samoa
82%
Mozambique
81%
Moldova
78%
United States (Northern Mariana Islands)
74%
Zambia
71%
No matching quizzes found
Score Distribution
Percent of People with Each Score
Percentile by Number Answered
Your Score History
You have not taken this quiz